MARC

LEADER 00000nam0a2200000 4500
001 251537
005 20231101232651.0
010 |a 524700759X 
035 |a (RuTPU)RU\TPU\book\273841 
090 |a 251537 
100 |a 20140221d1989 m y0rusy50 ca 
101 0 |a rus 
102 |a RU 
105 |a a j 001zy 
200 1 |a Шлиховой метод поисков полезных ископаемых  |e учебное пособие для вузов  |f Е. М. Захарова 
210 |a Москва  |c Недра  |d 1989 
215 |a 160 с.  |c ил. 
225 1 |a Среднетехническое образование 
320 |a Библиогр.: с. 158. 
606 |a Шлиховый анализ  |2 stltpush  |3 (RuTPU)RU\TPU\subj\19376  |9 44628 
610 1 |a полевые работы 
610 1 |a методика 
610 1 |a результаты 
610 1 |a обработка 
610 1 |a минералогический анализ 
610 1 |a шлихообразование 
610 1 |a минералы 
610 1 |a учебные пособия 
675 |a 550.841(075.8)  |v 3 
700 1 |a Захарова  |b Е. М.  |g Елена Михайловна 
801 1 |a RU  |b 63413507  |c 20140221 
801 2 |a RU  |b 63413507  |c 20140303  |g RCR 
942 |c BK